000 00434nam a2200181 a 4500
001 2686
005 20140414131902.0
008 050924s19uu xx 00 eng d
020 _a0-448-08930-0
050 _aFIC
_bD54 #30
100 _aFranklin W. Dixon
245 _aThe wailing siren mystery.
260 _aNew York :
_bGrosset & Dunlap.
300 _ap. ; cm.
440 _aHardy boys
999 _c110719
_d110719